000 00524nam a2200193Ia 4500
003 GCL
008 140319s9999 xx 000 0 ara d
040 _aGCL /
_cGCL
082 0 4 _a891.7
_bس ذ
100 1 _aسعد زهران
245 1 0 _aذوبان الثلوج /
_cسعد زهران
300 _a252 ص
490 _aكتاب
_v0
650 0 4 _aالادب
650 0 4 _aالقصة الروسية المترجمة
650 0 4 _aالادب الروسى المترجم
650 0 4 _aالزاوية
942 _2ddc
_cBK
999 _c42311
_d42311